000 01430nas1a22003011 4500
001 RU\NLR\Per\837028
005 20260503064325.0
011 _a2225-7012
035 _a(NLR Aleph) 003157998
090 _a3075014
_c3075014
100 _a20260201 rusy50
101 0 _arus
102 _aRU
110 _aau|||||||||
200 1 _aФорум агрессологии
_fУдм. гос. ун-т, Ассоц. развития психоаналит. исслед.
210 _aИжевск
_cERGO
_d2011 -
606 1 _aАгрессивность
_jПериодические издания
_92094539
_3RU\NLR\AUTH\661570967
606 _aАгрессивность (психол.)
_jПериодические издания
_9916563
_3RU\NLR\AUTH\6616106
686 1 _aЮ936.2-81я54
686 1 _aР64-325я54
712 0 2 _4570
_aУдмуртский государственный университет
_cИжевск
_9280737
_3RU\NLR\AUTH\884597
712 0 2 _4570
_aАссоциация развития психоаналитических исследований
_cИжевск
_9833403
_3RU\NLR\AUTH\8810168801
852 _aNLR
_jП25/650
942 _cJOURNAL
980 _aNB
980 _aRUSPER